| 000 | 00985nam a22003377a 4500 | ||
|---|---|---|---|
| 001 | BR7500260 | ||
| 003 | BR-BrBNA | ||
| 005 | 20230928084717.0 | ||
| 007 | ta | ||
| 008 | 230509b bl.||||| |||| 00| 0 por d | ||
| 040 |
_aBR-BrBNA _bpor _cBiblioteca Nacional de Agricultura |
||
| 041 | _a(Por) | ||
| 072 |
_aF00; E15 _b0430 _b0150 _b2120 _b1410 _b0180 _b0336 _b/G514 |
||
| 090 | _ 0430 BR7500260 | ||
| 110 | 1 |
_aSecretaria da Agricultura, Curitiba, PR (Brasil). Depto. de Economia Rural _98370 |
|
| 245 | 1 | _aRelatorio da situacao das culturas, 1. quinzena de janeiro. Algodao, arroz, cafe, feijao, milho, soja e trigo [Parana, Brasil] | |
| 260 | 3 |
_aCuritiba, PR (Brasil): _c1974. |
|
| 300 | _a4 p. | ||
| 650 | _aSAFRA | ||
| 650 | _aCUSTO DE PRODUCAO | ||
| 650 | _aALGODAO | ||
| 650 | _aARROZ | ||
| 650 | _aCAFE | ||
| 650 | _aFEIJAO | ||
| 650 | _aMILHO | ||
| 650 | _aSOJA | ||
| 650 | _aTRIGO | ||
| 650 | _aPARANA | ||
| 909 |
_a202309 _bLucia _c55 _dLucia Elande |
||
| 942 | _cBK | ||
| 999 |
_c20635 _d20635 |
||